| 000 | 00679nam a2200229Ia 4500 | ||
|---|---|---|---|
| 003 | OSt | ||
| 005 | 20220928112640.0 | ||
| 006 | a|||||r|||| 00| 0 | ||
| 007 | ta | ||
| 008 | 220927b |||||||| |||| 00| 0 eng d | ||
| 024 | _a135466 | ||
| 037 | _cTextual | ||
| 040 |
_aSDCL _cSDCL _beng |
||
| 041 |
_2eng _aeng |
||
| 082 | _aR:(A), L9 | ||
| 100 |
_aStegmuller Wolfgang _9429102 |
||
| 245 | 0 |
_aStructuralist view of theories _b A possible analogue of the burbaki programme in physical science. |
|
| 260 |
_aNew York _b Springer-Verlag _c1979 |
||
| 300 |
_av,101p. _ccm. |
||
| 942 |
_hR:(A), L9 _cTEXL _2CC |
||
| 999 |
_c745585 _d745585 |
||